Uzlah petunjuk mengasingkan diri

Bibliographic Details
Main Author: Al-Imam Abu Sulaiman Al-Khitabi Al-Khitabi
Format: Book
Published: Kula Lumpur : Jasmin Enterprise , 2000
Subjects:

MARC

LEADER 00000cam a2200000 7i4500
001 0000013521
005 20080201.0
008 080117
020 |a 9832087430 
090 0 0 |a 297.44   |b IMA 
100 0 |a Al-Imam Abu Sulaiman Al-Khitabi Al-Khitabi 
245 1 0 |a Uzlah petunjuk mengasingkan diri   |c Al-Imam Abu Sulaiman Al-Khitabi Al-Busti 
260 |a Kula Lumpur :   |b Jasmin Enterprise ,   |c 2000 
650 0 |a Islamic religious practice 
650 0 |a Religious life   |x Islam 
999 |a 0001007425   |b Book   |c Adult Collection   |e Perbadanan Perpustakaan Awam Johor 
999 |a 0001007426   |b Book   |c Adult Collection   |e Perbadanan Perpustakaan Awam Johor